000 00758nam a22002297a 4500
999 _c12565
_d12565
003 AR-CdUCM
008 190409b ||||| |||| 00| 0 spa d
040 _aMUNICIPALIDAD PROVINCIAL DEL CUSCO
_cBIBLIOTECA MUNICIPAL DEL CUSCO
082 _a808.801 /
_bC93 / 1926
100 _aCuenca, Claudio
_930450
245 _aDon Tadeo :
_bComedia /
260 _aBuenos Aires :
_bImprenta de la Universidad,
_c1926.
300 _a679 páginas ;
_c23 cm.
500 _aInstituto de literatura Argentina
505 _aContenido: Comedia argentina
650 _aComedia argentina
_930451
650 _aTeatro
_9173
650 _aDictadura de Rojas
_930452
710 _aInstituto de literatura Argentina
_927852
942 _2ddc
_cLIBROS
945 _adavv
_d09/04/2019